| 000 | 00451nam a22001697a 4500 | ||
|---|---|---|---|
| 003 | OSt | ||
| 005 | 20221116173957.0 | ||
| 008 | 221116b |||||||| |||| 00| 0 eng d | ||
| 040 | _cDLC | ||
| 050 | _bD566T | ||
| 082 | _bD566T | ||
| 100 | _aDietrich, Gabriele | ||
| 245 |
_aTowards Understanding Indian Society/ _c by Gabriele Dietrich & Bas Wielenga |
||
| 260 |
_aMadurai: _bCenter for Social Analysis, _c1998. |
||
| 300 | _a284p. | ||
| 942 |
_2ddc _cBK |
||
| 999 |
_c11004 _d11004 |
||